| 000 | 01596nam a22002777a 4500 | ||
|---|---|---|---|
| 005 | 20251209111700.0 | ||
| 010 | _aHIN-130583 B-773812-826 25BACHN25 | ||
| 020 |
_a9789360865320 _c995.00 |
||
| 035 | _aB-773812-826 | ||
| 035 | _aHN-102929 | ||
| 037 | _bराजकमल प्रकाशन | ||
| 037 | _bDBAD | ||
| 082 |
_21 _a808.88 |
||
| 100 |
_aगहलोत, प्रेमसिंह _985940 |
||
| 245 |
_aआदिवासी दर्शन/ _cसमर बासु मल्लिक द्वारा संपादित ...[आदि] |
||
| 250 | _a1 | ||
| 260 |
_aनई दिल्ली _bराजकमल प्रकाशन _c2024 |
||
| 270 |
_a1 बी, नेताजी सुभाष मार्ग, दरियागंज, _bनई दिल्ली _e110002 |
||
| 300 |
_a389पृ. _c22सेमी(साजिल्द) |
||
| 700 |
_aमल्लिक, समर बसु _984813 |
||
| 700 |
_aकिड़ो, संतोष _984814 |
||
| 700 |
_aरणेन्द्र _984815 |
||
| 700 |
_aमोनिका रानी टुटी _984816 |
||
| 942 |
_2ddc _cHN _h808.88 _mआदिवा |
||
| 999 |
_c209975 _d209975 |
||